[Event "Ruhrgebiet Verbandsklasse Gruppe 1 1819"]
[Site "Nordrheinwestfalen"]
[Date "2019.02.03"]
[Round "6.7"]
[White "Backmann, Hans"]
[Black "Konietzka, Bernd"]
[Result "1/2-1/2"]
[WhiteElo "1752"]
[BlackElo "1901"]
[PlyCount "97"]
[EventDate "2018.09.23"]
[EventType "team-tourn"]
[EventRounds "9"]
[EventCountry "GER"]
[SourceTitle "EXT 2022"]
[Source "ChessBase"]
[SourceDate "2021.10.06"]
[SourceVersion "1"]
[SourceVersionDate "2021.10.06"]
[SourceQuality "1"]
[WhiteTeam "Haltern"]
[BlackTeam "Horst Emscher II"]
[WhiteTeamCountry "GER"]
[BlackTeamCountry "GER"]

1. c4 e5 2. g3 Nf6 3. Bg2 Bc5 4. e3 Nc6 5. Ne2 d5 6. cxd5 Nxd5 7. a3 Be6 8. 0-0 0-0 9. h3 Qd7 10. Kh2 Bd6 11. d4 exd4 12. Nxd4 Nxd4 13. Qxd4 Nf6 14. Nc3 a6 15. b4 Rad8 16. Bb2 Qc8 17. Nd5 Bxd5 18. Bxd5 Qf5 19. e4 Qf3 20. Qc3 Qxc3 21. Bxc3 Nxd5 22. exd5 Rfe8 23. Rfe1 Re7 24. Rxe7 Bxe7 25. Re1 Rd7 26. Re2 f5 27. h4 Kf7 28. Rd2 h6 29. Kg2 Bf6 30. Bxf6 Kxf6 31. Rc2 Ke5 32. Kf3 Kxd5 33. Kf4 Ke6 34. Rc4 c6 35. a4 Kf6 36. h5 Rd5 37. a5 g5+ 38. hxg6 Kxg6 39. g4 fxg4 40. Kxg4 Kf6 41. f4 Rd1 42. Rc5 Rd4 43. b5 Rd5 44. bxa6 h5+ 45. Kh4 bxa6 46. Rxc6+ Kf5 47. Rxa6 Kxf4 48. Rf6+ Ke5 49. Rh6 1/2-1/2

[Event "Ruhrgebiet Verbandsklasse Gruppe 1 1819"]
[Site "Nordrheinwestfalen"]
[Date "2018.11.04"]
[Round "3.5"]
[White "Backmann, Hans"]
[Black "Schaedlich, Andreas"]
[Result "0-1"]
[WhiteElo "1729"]
[BlackElo "1881"]
[PlyCount "56"]
[EventDate "2018.09.23"]
[EventType "team-tourn"]
[EventRounds "9"]
[EventCountry "GER"]
[SourceTitle "EXT 2022"]
[Source "ChessBase"]
[SourceDate "2021.10.06"]
[SourceVersion "1"]
[SourceVersionDate "2021.10.06"]
[SourceQuality "1"]
[WhiteTeam "Haltern"]
[BlackTeam "Bergeborbeck Wacker"]
[WhiteTeamCountry "GER"]
[BlackTeamCountry "GER"]

1. c4 c5 2. g3 g6 3. Bg2 Bg7 4. Nc3 Nf6 5. e3 Nc6 6. a3 d6 7. Nge2 0-0 8. 0-0 Bg4 9. h3 Bd7 10. Rb1 Qc8 11. Kh2 e6 12. b4 cxb4 13. axb4 Ne7 14. d3 Bc6 15. e4 Rd8 16. b5 Be8 17. Ba3 Qd7 18. Qb3 Rac8 19. Bb4 b6 20. Qa3 Bf8 21. Nd4 Rc7 22. Nf3 Nh5 23. h4 Bg7 24. Bh3 f5 25. exf5 gxf5 26. Rbe1 h6 27. Qc1 Bf7 28. Qe3 e5 0-1

[Event "Ruhrgebiet Verbandsklasse Gruppe 1 1819"]
[Site "Nordrheinwestfalen"]
[Date "2018.10.07"]
[Round "2.7"]
[White "Meyer, Friedel"]
[Black "Backmann, Hans"]
[Result "1-0"]
[WhiteElo "1765"]
[BlackElo "1729"]
[PlyCount "47"]
[EventDate "2018.09.23"]
[EventType "team-tourn"]
[EventRounds "9"]
[EventCountry "GER"]
[SourceTitle "EXT 2022"]
[Source "ChessBase"]
[SourceDate "2021.10.06"]
[SourceVersion "1"]
[SourceVersionDate "2021.10.06"]
[SourceQuality "1"]
[WhiteTeam "Muelheim SC"]
[BlackTeam "Haltern"]
[WhiteTeamCountry "GER"]
[BlackTeamCountry "GER"]

1. c4 c5 2. Nc3 Nc6 3. g3 g6 4. Bg2 Bg7 5. e3 e6 6. Nge2 Nge7 7. 0-0 0-0 8. e4 a6 9. d3 d5 10. exd5 exd5 11. Nxd5 Nxd5 12. Bxd5 Nb4 13. Be4 f5 14. Bg2 Qxd3 15. Nf4 Qxd1 16. Rxd1 Ra7 17. a3 Nc2 18. Rb1 b5 19. cxb5 axb5 20. h4 Re8 21. Bc6 Re1+ 22. Rxe1 Nxe1 23. Be3 Nf3+ 24. Bxf3 1-0